000 01352nam2a2200277 4500
001 RU\NLR\BIBL_A\011932695
005 20190219155430.0
010 _a978-5-907122-28-4
021 _aRU
_bКН-П-18-101532
_9КН-П-18-7356
035 _a(NLR Aleph) 011932695
035 _a(RuMoRGB)009856968
090 _a11046514
_c11046514
100 _a20190208d2018 u y0rusy50 ca
101 0 _arus
102 _aRU
105 _ay z 000gy
200 1 _aДекабрь
_fсоставитель: Эдуард Малыкин]
210 _d2018
215 _a160 с.
327 0 _aСодерж.: авт.: А. Канаева, Л. Ланг, Д. Слободин, И. Кузнецова, А. Колесников, Т. Загвоздкина, О. Царегородцева, И. Будник, Р. Чехова, В. Келя [и др.]
461 0 _1001RU\NLR\BIBL_A\011779769
_12001#$aАвторы XXI века$e[проза и стихи$eсборник$fсоставитель: Яна Малыкина]$v[2018
_911770231
_c[Б. м.]
_d2018
_fсоставитель: Яна Малыкина]
_nИздательский проект ЛитКульта
_o[проза и стихи : сборник
_tАвторы XXI века
_v[2018
852 _aNLR
_j2018-3/18293
942 _cBOOK
980 _aNB